| 000 | 00647 a2200193 4500 | ||
|---|---|---|---|
| 020 | _a0071159525 (paperback) | ||
| 020 | _a9780071159524 (paperback) | ||
| 090 |
_c5125 _d5125 |
||
| 100 | 1 | _aLesikar, Raymond V. | |
| 245 | 1 | 0 |
_aReport writing for business / _cRaymond V. Lesikar, John Pettit, John D. Pettit. |
| 250 | _aInternat.10r.e. ed. | ||
| 260 |
_a[S.l.] : _bMcGraw-Hill Education (ISE Editions), _c1998. |
||
| 300 | _a464 p. | ||
| 500 | _aImport. | ||
| 700 | 1 | _aPettit, John. | |
| 700 | 1 | _aPettit, John D. | |
| 856 | 4 | 0 |
_3Amazon.com _uhttp://www.amazon.com/exec/obidos/ASIN/0071159525/chopaconline-20 |
| 942 |
_aNBS _cBK _k808.066651 LES |
||
| 999 |
_c347545 _d347545 |
||